000 00397nam a2200169Ia 4500
001 31673
003 IN-NITTTR
005 20251114233423.0
008 251113s9999||||xx |||||||||||||| ||eng||
040 _beng
040 _cIN-NITTTR
041 _aeng
082 _a670.4272 H19
245 0 _aHandbook of industrial robotics /
_cNof Shimon, Y, ed.
700 _aNof Shimon, Y
942 _2ddc
_cBK
999 _c34303
_d34303